[Event "España tch 1a Division Sur"]
[Site "Burguillos ESP"]
[Date "2007.08.23"]
[Round "3.24"]
[White "Mascaro March, Pedro"]
[Black "Navarro Cia, Miguel"]
[Result "1/2-1/2"]
[WhiteElo "2390"]
[BlackElo "2356"]
[PlyCount "157"]
[EventDate "2007.08.22"]
[EventType "team"]
[EventRounds "1"]
[EventCountry "ESP"]
[EventCategory "1"]
[Source "lmi"]
[SourceDate "2007.08.22"]
[BlackTeam "Oberena"]

1. d4 g6 2. c4 Bg7 3. Nc3 f5 4. Nf3 Nf6 5. Bf4 O-O 6. e3 d6 7. h3 Ne4 8. Nxe4
fxe4 9. Nd2 Bxd4 10. exd4 Rxf4 11. g3 Rf8 12. Nxe4 Bf5 13. Bg2 Qc8 14. Qe2 Nc6
15. O-O-O e5 16. dxe5 Nxe5 17. f4 Nc6 18. Nc3 Qd7 19. c5 Rae8 20. Qc4+ Kh8 21.
cxd6 cxd6 22. Bxc6 bxc6 23. Qd4+ Kg8 24. Qxd6 Qxd6 25. Rxd6 Re3 26. Rg1 Rf3 27.
Rxc6 Bxh3 28. Ne4 Bf5 29. Ng5 Rf2 30. g4 Rc8 31. Rxc8+ Bxc8 32. Re1 Rxf4 33.
Re8+ Rf8 34. Re7 Bxg4 35. Nxh7 Rf7 36. Rxf7 Kxf7 37. Kd2 Kg7 38. Ng5 Kf6 39.
Ne4+ Ke5 40. Ke3 Bf5 41. Ng5 Bb1 42. a3 Kd5 43. Nf3 Bf5 44. Nd4 Bd7 45. b3 g5
46. Ne2 Kc5 47. Ng3 Bc6 48. Nf1 Bd5 49. Nd2 a6 50. b4+ Kb5 51. Kd4 Ba8 52. Nc4
g4 53. Ne3 g3 54. Kc3 Ka4 55. Kb2 Bc6 56. Ka2 Be8 57. Kb2 Bf7 58. Nd1 Kb5 59.
Ne3 Bh5 60. Kc3 Ka4 61. Kb2 Be2 62. Nd5 Kb5 63. Nc3+ Kc4 64. Nxe2 g2 65. Kc2 a5
66. bxa5 Kb5 67. Nd4+ Kxa5 68. Nf3 Ka4 69. Kb2 Ka5 70. Kb3 Kb5 71. a4+ Ka5 72.
Ka3 Ka6 73. Kb4 Kb6 74. a5+ Ka6 75. Ka4 Ka7 76. Kb5 Kb7 77. a6+ Ka7 78. Ka5 Ka8
79. Kb6 1/2-1/2

[Event "España tch 1a Division Sur"]
[Site "Burguillos ESP"]
[Date "2007.08.23"]
[Round "3.31"]
[White "Landa, Konstantin"]
[Black "Mirzoev, Azer"]
[Result "1/2-1/2"]
[WhiteElo "2669"]
[BlackElo "2551"]
[PlyCount "116"]
[EventDate "2007.08.22"]
[EventType "team"]
[EventRounds "1"]
[EventCountry "ESP"]
[EventCategory "1"]
[Source "lmi"]
[SourceDate "2007.08.22"]
[WhiteTeam "Isla Bonita"]

1. e4 e5 2. Nf3 Nf6 3. d4 Nxe4 4. Bd3 d5 5. Nxe5 Nd7 6. Nc3 Nxc3 7. bxc3 Nxe5
8. dxe5 Bc5 9. Qh5 c6 10. Rb1 Qe7 11. O-O Be6 12. Bg5 Qd7 13. Kh1 b6 14. Rbe1
Be7 15. Qh4 Bxg5 16. Qxg5 g6 17. Qf6 O-O 18. h4 Qd8 19. h5 Qxf6 20. exf6 Rfe8
21. Kh2 Rad8 22. Kg3 Rd6 23. Kf4 Bd7 24. Rxe8+ Bxe8 25. Re1 Kf8 26. hxg6 hxg6
27. Kg5 c5 28. f4 c4 29. Be2 b5 30. Rd1 Ra6 31. Rxd5 Rxa2 32. Bf3 Rxc2 33. Rd8
Rxc3 34. Bc6 Re3 35. Bxb5 c3 36. Rc8 a5 37. f5 gxf5 38. Kxf5 c2 39. Bxe8 Rxe8
40. Rxc2 a4 41. Kg5 a3 42. Ra2 Ra8 43. g4 Ra6 44. Kh5 Kg8 45. Kg5 Kf8 46. Kh5
Kg8 47. Kg5 Ra8 48. Kh6 Kh8 49. g5 Kg8 50. g6 fxg6 51. Kxg6 Ra4 52. Rc2 Rg4+
53. Kf5 Rg3 54. Rc8+ Kf7 55. Rc7+ Kf8 56. Ra7 Rf3+ 57. Kg5 Rg3+ 58. Kf4 Rb3
1/2-1/2

[Event "España tch 1a Division Sur"]
[Site "Burguillos ESP"]
[Date "2007.08.23"]
[Round "3.32"]
[White "Oms Pallise, Josep"]
[Black "De La Cruz Sanchez, Carlos Gustavo"]
[Result "1/2-1/2"]
[WhiteElo "2517"]
[BlackElo "2278"]
[PlyCount "102"]
[EventDate "2007.08.22"]
[EventType "team"]
[EventRounds "1"]
[EventCountry "ESP"]
[EventCategory "1"]
[Source "lmi"]
[SourceDate "2007.08.22"]
[BlackTeam "Isla Bonita"]

1. d4 Nf6 2. c4 g6 3. Nc3 Bg7 4. e4 d6 5. f3 O-O 6. Be3 Nc6 7. Nge2 a6 8. Qd2
Rb8 9. Rc1 e5 10. d5 Ne7 11. c5 Ne8 12. Na4 b5 13. cxb6 cxb6 14. b4 f5 15. Nec3
Nf6 16. Be2 fxe4 17. fxe4 Ng4 18. Bxg4 Bxg4 19. Nb2 b5 20. Ncd1 Rc8 21. Nf2
Rxc1+ 22. Qxc1 Bd7 23. Qd2 Nc8 24. O-O Nb6 25. Rc1 Qb8 26. h3 Rc8 27. Rxc8+
Bxc8 28. Qc3 Bd7 29. Qa3 Na4 30. Nxa4 bxa4 31. Qc3 h5 32. Nd1 Bf6 33. Kh2 Bd8
34. a3 Qb5 35. Nf2 a5 36. bxa5 Bxa5 37. Qc1 Qe2 38. Ba7 Bd8 39. Qh6 Be8 40. Qc1
Bd7 41. Be3 Kf7 42. Ba7 g5 43. Kg1 Kg6 44. Be3 g4 45. hxg4 hxg4 46. Qd2 Qxd2
47. Bxd2 Bb6 48. Kf1 Bb5+ 49. Ke1 Bxf2+ 50. Kxf2 Kf6 51. Bh6 Ke7 1/2-1/2

[Event "España tch 1a Division Sur"]
[Site "Burguillos ESP"]
[Date "2007.08.23"]
[Round "3.33"]
[White "Hernandez Leon, Alberto"]
[Black "Baches Garcia, Guillermo"]
[Result "1/2-1/2"]
[WhiteElo "2275"]
[BlackElo "2373"]
[PlyCount "36"]
[EventDate "2007.08.22"]
[EventType "team"]
[EventRounds "1"]
[EventCountry "ESP"]
[EventCategory "1"]
[Source "lmi"]
[SourceDate "2007.08.22"]
[WhiteTeam "El Sauzal"]

1. e4 c5 2. Nf3 Nc6 3. d4 cxd4 4. Nxd4 e5 5. Nb5 d6 6. N1c3 a6 7. Na3 Be7 8.
Nc4 b5 9. Ne3 Nf6 10. Ned5 O-O 11. Bd3 Be6 12. O-O Nd7 13. a4 b4 14. Na2 a5 15.
c3 bxc3 16. Naxc3 Nb6 17. Bb5 Nd4 18. Be3 Bxd5 1/2-1/2

[Event "España tch 1a Division Sur"]
[Site "Burguillos ESP"]
[Date "2007.08.23"]
[Round "3.34"]
[White "Oussama, Omar"]
[Black "Majul, Isolina"]
[Result "1/2-1/2"]
[WhiteElo "2330"]
[BlackElo "2101"]
[PlyCount "133"]
[EventDate "2007.08.22"]
[EventType "team"]
[EventRounds "1"]
[EventCountry "ESP"]
[EventCategory "1"]
[Source "lmi"]
[SourceDate "2007.08.22"]
[BlackTeam "Isla Bonita"]

1. c4 Nf6 2. g3 e6 3. Bg2 c5 4. Nf3 d5 5. cxd5 Nxd5 6. Nc3 Nc6 7. O-O Nxc3 8.
bxc3 Be7 9. Rb1 O-O 10. c4 Rb8 11. d3 b6 12. Bf4 Bd6 13. Bg5 Qc7 14. Nd2 h6 15.
Be3 Bb7 16. Ne4 Be5 17. Qb3 Nd4 18. Bxd4 Bxd4 19. Nd2 Bxg2 20. Kxg2 Qc6+ 21.
Nf3 f5 22. Kg1 Bf6 23. Qb5 Qxb5 24. Rxb5 a6 25. Rb3 b5 26. cxb5 axb5 27. Rfb1
b4 28. a3 Rb5 29. e3 Be7 30. Kf1 Ra5 31. axb4 cxb4 32. Nd4 Ra6 33. Nc2 Rb8 34.
Ke2 Kf7 35. d4 g5 36. Kd2 Ra2 37. R1b2 Ra4 38. Ne1 Ra1 39. h3 Kf6 40. g4 fxg4
41. hxg4 e5 42. Nf3 exd4 43. Nxd4 Rc8 44. Kd3 Ra3 45. Ke4 Rc3 46. Rxb4 Bxb4 47.
Rxb4 Ra6 48. Rb1 Rc4 49. Rh1 Kg6 50. Kf3 Rf6+ 51. Kg3 Rc7 52. f3 Rh7 53. Rh5
Rhf7 54. e4 Rb7 55. Nf5 Kh7 56. Rh1 Ra6 57. Rh2 Rb1 58. Rd2 Rb7 59. Rh2 Rb3 60.
Rh3 Rb2 61. Rh1 Rc2 62. Rh3 Rb2 63. Rh1 Rc2 64. Ne3 Re2 65. Nf5 Rc2 66. Rh5 Rb2
67. Rh1 1/2-1/2

[Event "España tch 1a Division Sur"]
[Site "Burguillos ESP"]
[Date "2007.08.23"]
[Round "3.41"]
[White "Herraiz Hidalgo, Herminio"]
[Black "Campora Sivori, Daniel"]
[Result "1/2-1/2"]
[WhiteElo "2481"]
[BlackElo "2530"]
[PlyCount "90"]
[EventDate "2007.08.22"]
[EventType "team"]
[EventRounds "1"]
[EventCountry "ESP"]
[EventCategory "1"]
[Source "lmi"]
[SourceDate "2007.08.22"]
[WhiteTeam "Almagro"]
[BlackTeam "Tiendas UPI B"]

1. d4 Nf6 2. c4 e6 3. Nc3 Bb4 4. Qc2 c5 5. dxc5 Nc6 6. Nf3 Bxc5 7. Bg5 O-O 8.
Rd1 Be7 9. e3 a6 10. Be2 b6 11. O-O Ra7 12. Rd2 d6 13. Rfd1 Rd7 14. Qa4 Qc7 15.
Rc1 Nb8 16. Nd4 h6 17. Bh4 Bb7 18. Bg3 Rc8 19. Qd1 Rdd8 20. Bf1 Nbd7 21. b3 Nc5
22. f3 Qb8 23. Qe1 Ncd7 24. Rdd1 Bf8 25. Kh1 Qa8 26. e4 Re8 27. Nde2 d5 28.
cxd5 exd5 29. Nxd5 Bxd5 30. Rxc8 Rxc8 31. exd5 Nxd5 32. Nf4 Bb4 33. Qe4 N7f6
34. Qd3 Nc3 35. Ra1 b5 36. a3 Bf8 37. Rc1 Na2 38. Ra1 Nc1 39. Qd1 Qc6 40. Nd3
Nxd3 41. Bxd3 Qc3 42. Be1 Qb2 43. a4 Rd8 44. Rb1 Qd4 45. Bc2 Qb6 1/2-1/2

[Event "España tch 1a Division Sur"]
[Site "Burguillos ESP"]
[Date "2007.08.23"]
[Round "3.42"]
[White "Almagro Mazariegos, Sebastian"]
[Black "Garcia-Moral Garcia, Jose Daniel"]
[Result "1/2-1/2"]
[WhiteElo "2296"]
[BlackElo "2250"]
[PlyCount "174"]
[EventDate "2007.08.22"]
[EventType "team"]
[EventRounds "1"]
[EventCountry "ESP"]
[EventCategory "1"]
[Source "lmi"]
[SourceDate "2007.08.22"]
[WhiteTeam "Tiendas UPI B"]
[BlackTeam "Almagro"]

1. e4 c5 2. Nf3 e6 3. d4 cxd4 4. Nxd4 Nf6 5. Nc3 d6 6. Bc4 a6 7. O-O b5 8. Bb3
Be7 9. Qf3 Qc7 10. Re1 O-O 11. Qg3 Bd7 12. Bh6 Ne8 13. Re3 Bf6 14. Rd1 Nc6 15.
Nxc6 Bxc6 16. Bg5 b4 17. Ne2 Bxb2 18. c3 bxc3 19. Nxc3 Bxc3 20. Rxc3 Qb7 21. f3
Rc8 22. Rdc1 Qd7 23. Qh4 Nf6 24. Bxf6 gxf6 25. Qxf6 Bb7 26. Rxc8 Rxc8 27. Rd1
Qc7 28. Qg5+ Kf8 29. Qh6+ Kg8 30. Kh1 Qc5 31. Qf6 Re8 32. Qh4 Qe5 33. Qf2 d5
34. Qb6 Rb8 35. Qc5 Rc8 36. Qe7 Rc7 37. Qd8+ Kg7 38. exd5 Bxd5 39. Bxd5 exd5
40. h3 Rc5 41. Qb6 Rc2 42. Qxa6 Qg5 43. Rg1 Qd2 44. a4 d4 45. Qd6 d3 46. Qe5+
Kg8 47. Kh2 h6 48. Qg3+ Kh7 49. Re1 Qg5 50. Re5 Qxg3+ 51. Kxg3 d2 52. Rd5 Ra2
53. f4 Kg7 54. a5 Rxa5 55. Rxd2 Ra4 56. Kg4 Kg6 57. Rd6+ f6 58. g3 Rb4 59. Rd5
Rb7 60. h4 Ra7 61. f5+ Kg7 62. Kh5 Rb7 63. Rd4 Kh7 64. Kg4 Rg7+ 65. Kf3 h5 66.
Rd6 Rf7 67. Ke4 Kg7 68. Kd5 Re7 69. Re6 Rd7+ 70. Ke4 Ra7 71. Rd6 Rb7 72. Rd4
Re7+ 73. Kf4 Ra7 74. g4 hxg4 75. Kxg4 Kh6 76. Kf4 Rb7 77. Ke4 Re7+ 78. Kf4 Rb7
79. Kg4 Rg7+ 80. Kh3 Rb7 81. Rg4 Kh5 82. Rg6 Rb3+ 83. Kg2 Kxh4 84. Rxf6 Kg5 85.
Rf8 Rb5 86. f6 Rf5 87. f7 Kg6 1/2-1/2

[Event "España tch 1a Division Sur"]
[Site "Burguillos ESP"]
[Date "2007.08.23"]
[Round "3.43"]
[White "Fernandez Barrera, Victor"]
[Black "Sanchez Jimenez, Juan Carlos"]
[Result "1/2-1/2"]
[WhiteElo "2204"]
[BlackElo "2281"]
[PlyCount "54"]
[EventDate "2007.08.22"]
[EventType "team"]
[EventRounds "1"]
[EventCountry "ESP"]
[EventCategory "1"]
[Source "lmi"]
[SourceDate "2007.08.22"]
[WhiteTeam "Almagro"]
[BlackTeam "Tiendas UPI B"]

1. e4 e6 2. d4 d5 3. Nc3 Bb4 4. Nge2 dxe4 5. a3 Bxc3+ 6. Nxc3 Nc6 7. d5 exd5 8.
Qxd5 Nge7 9. Qxd8+ Nxd8 10. Nxe4 Bf5 11. Bd3 Ne6 12. Bd2 O-O-O 13. O-O-O Bg6
14. Rhe1 Rhe8 15. Bc4 Nc6 16. f3 Ned4 17. Bc3 f6 18. b4 a6 19. Kb2 Nb5 20. Nc5
Nxc3 21. Kxc3 Rxd1 22. Rxd1 Re3+ 23. Kb2 Re7 24. Rd2 a5 25. c3 Ne5 26. Be2 axb4
27. axb4 Bf7 1/2-1/2

[Event "España tch 1a Division Sur"]
[Site "Burguillos ESP"]
[Date "2007.08.23"]
[Round "3.44"]
[White "Ruiz Jimenez, Francisco Jose"]
[Black "Espinosa Aranda, Angel"]
[Result "1/2-1/2"]
[WhiteElo "2215"]
[BlackElo "2184"]
[PlyCount "47"]
[EventDate "2007.08.22"]
[EventType "team"]
[EventRounds "1"]
[EventCountry "ESP"]
[EventCategory "1"]
[Source "lmi"]
[SourceDate "2007.08.22"]
[WhiteTeam "Tiendas UPI B"]
[BlackTeam "Almagro"]

1. e4 c5 2. Nf3 d6 3. d4 cxd4 4. Nxd4 Nf6 5. Nc3 Nc6 6. Bc4 e6 7. Bb3 a6 8. Be3
Qc7 9. f4 Be7 10. O-O O-O 11. Qf3 Bd7 12. f5 Nxd4 13. Bxd4 exf5 14. Rae1 fxe4
15. Nxe4 Bc6 16. Qg3 Bxe4 17. Rxe4 Kh8 18. Rxe7 Qxe7 19. Rxf6 gxf6 20. Qh4 Kg8
21. Qg4+ Kh8 22. Qh4 Kg8 23. Qg4+ Kh8 24. Qh4 1/2-1/2

[Event "España tch 1a Division Sur"]
[Site "Burguillos ESP"]
[Date "2007.08.23"]
[Round "3.52"]
[White "Valmaña Canto, Jaime"]
[Black "Gonzalez Menendez, Ivan"]
[Result "1/2-1/2"]
[WhiteElo "2346"]
[BlackElo "2388"]
[PlyCount "58"]
[EventDate "2007.08.22"]
[EventType "team"]
[EventRounds "1"]
[EventCountry "ESP"]
[EventCategory "1"]
[Source "lmi"]
[SourceDate "2007.08.22"]
[WhiteTeam "Evajedrez"]
[BlackTeam "Universidad de Oviedo"]

1. e4 e6 2. d4 d5 3. Nc3 Bb4 4. e5 c5 5. a3 Bxc3+ 6. bxc3 Ne7 7. Qg4 O-O 8. Bd3
Nbc6 9. Qh5 Ng6 10. Nf3 Qc7 11. Be3 c4 12. Bxg6 fxg6 13. Qg4 Bd7 14. h4 Rf5 15.
h5 gxh5 16. Rxh5 Rxh5 17. Qxh5 Be8 18. Qh3 Nd8 19. Bg5 Bf7 20. Kd2 Qd7 21. Rh1
Bg6 22. Bxd8 Rxd8 23. Ng5 Re8 24. Nxh7 Qa4 25. Nf6+ Kf7 26. Nxe8 Qxc2+ 27. Ke1
Qc1+ 28. Ke2 Qc2+ 29. Ke1 Qc1+ 1/2-1/2

[Event "España tch 1a Division Sur"]
[Site "Burguillos ESP"]
[Date "2007.08.23"]
[Round "3.54"]
[White "Andres Julia, Vicente Ramon"]
[Black "Recuero Guerra, David"]
[Result "1/2-1/2"]
[WhiteElo "2153"]
[BlackElo "2378"]
[PlyCount "60"]
[EventDate "2007.08.22"]
[EventType "team"]
[EventRounds "1"]
[EventCountry "ESP"]
[EventCategory "1"]
[Source "lmi"]
[SourceDate "2007.08.22"]
[WhiteTeam "Evajedrez"]
[BlackTeam "Universidad de Oviedo"]

1. e4 c5 2. Nc3 Nc6 3. f4 a6 4. Nf3 e6 5. g3 d5 6. d3 f5 7. exd5 exd5 8. Bg2 d4
9. Nb1 Nf6 10. O-O Bd6 11. Re1+ Ne7 12. c3 dxc3 13. Nxc3 Qb6 14. Ne5 Be6 15.
Nc4 Bxc4 16. dxc4 O-O-O 17. Qc2 g6 18. b3 Nc6 19. Qb2 Nd4 20. Nd5 Nxd5 21. Bxd5
Rhe8 22. Be3 Bf8 23. Qf2 Bg7 24. Rad1 Re7 25. Kf1 Rde8 26. Bxd4 Bxd4 27. Qg2
Qc7 28. Qd2 Be3 29. Qd3 Kb8 30. Re2 Bd4 1/2-1/2

[Event "España tch 1a Division Sur"]
[Site "Burguillos ESP"]
[Date "2007.08.23"]
[Round "3.61"]
[White "Razmyslov, Alexander"]
[Black "Almagro Llamas, Pablo"]
[Result "1/2-1/2"]
[WhiteElo "2354"]
[BlackElo "2413"]
[PlyCount "21"]
[EventDate "2007.08.22"]
[EventType "team"]
[EventRounds "1"]
[EventCountry "ESP"]
[EventCategory "1"]
[Source "lmi"]
[SourceDate "2007.08.22"]
[WhiteTeam "Olivares"]
[BlackTeam "El Retiro"]

1. e4 c6 2. d4 d5 3. f3 e6 4. Nh3 Nf6 5. Nc3 Qb6 6. a3 c5 7. Be3 Nc6 8. dxc5
Bxc5 9. Bxc5 Qxc5 10. Nf2 O-O 11. Bd3 1/2-1/2

[Event "España tch 1a Division Sur"]
[Site "Burguillos ESP"]
[Date "2007.08.23"]
[Round "3.62"]
[White "Vallejo Diaz, Javier"]
[Black "Garrido Dominguez, Jesus"]
[Result "1-0"]
[WhiteElo "2319"]
[BlackElo "2309"]
[PlyCount "65"]
[EventDate "2007.08.22"]
[EventType "team"]
[EventRounds "1"]
[EventCountry "ESP"]
[EventCategory "1"]
[Source "lmi"]
[SourceDate "2007.08.22"]
[WhiteTeam "El Retiro"]
[BlackTeam "Olivares"]

1. e4 e5 2. Nf3 Nc6 3. Bb5 Nf6 4. O-O Nxe4 5. d4 Nd6 6. dxe5 Nxb5 7. a4 Nbd4 8.
Nxd4 Nxd4 9. Qxd4 d5 10. exd6 Qxd6 11. Qe3+ Be7 12. Nc3 Qc5 13. Nb5 Qxe3 14.
Bxe3 Bd8 15. Bxa7 b6 16. a5 Kd7 17. c4 Kc6 18. Rfd1 Be7 19. Nd4+ Kd7 20. axb6
cxb6 21. Bxb6 Rxa1 22. Rxa1 Bf6 23. f3 Kd6 24. b4 Bb7 25. Bc5+ Kc7 26. Nb5+ Kc6
27. Rd1 Be5 28. Kf2 Ba6 29. Na7+ Kc7 30. b5 Bb7 31. b6+ Kb8 32. Be3 f5 33. f4
1-0

[Event "España tch 1a Division Sur"]
[Site "Burguillos ESP"]
[Date "2007.08.23"]
[Round "3.63"]
[White "Barrero Garcia, Carlos"]
[Black "Fernandez Garcia, Miguel Angel"]
[Result "1-0"]
[WhiteElo "2297"]
[BlackElo "2306"]
[PlyCount "103"]
[EventDate "2007.08.22"]
[EventType "team"]
[EventRounds "1"]
[EventCountry "ESP"]
[EventCategory "1"]
[Source "lmi"]
[SourceDate "2007.08.22"]
[WhiteTeam "Olivares"]
[BlackTeam "El Retiro"]

1. d4 d5 2. c4 c6 3. Nc3 Nf6 4. e3 g6 5. Nf3 Bg7 6. Be2 O-O 7. O-O Bg4 8. cxd5
cxd5 9. Qb3 b6 10. h3 Bxf3 11. Bxf3 e6 12. Bd2 Nc6 13. Qa4 Na5 14. Be2 a6 15.
b4 Nc4 16. Bxc4 dxc4 17. b5 axb5 18. Qxb5 Qc7 19. Rfb1 Nd7 20. Ne4 Rfc8 21. a4
Qc6 22. Qxc6 Rxc6 23. Kf1 f5 24. Nc3 e5 25. d5 Rcc8 26. e4 Ra6 27. Rb5 Bf8 28.
exf5 gxf5 29. g4 fxg4 30. hxg4 Bc5 31. a5 Bd4 32. Ra4 bxa5 33. Rbxa5 Rxa5 34.
Rxa5 Nc5 35. Ke2 Rf8 36. f3 Nb3 37. Ra4 Nxd2 38. Kxd2 Bxc3+ 39. Kxc3 Rxf3+ 40.
Kxc4 Rf4+ 41. Kb5 Kf8 42. Ra7 Rxg4 43. d6 Rd4 44. Kc6 e4 45. Ra8+ Kf7 46. d7 e3
47. Re8 Rd3 48. Rxe3 Rxe3 49. d8=Q Re6+ 50. Kd7 Rg6 51. Qe7+ Kg8 52. Ke8 1-0

[Event "España tch 1a Division Sur"]
[Site "Burguillos ESP"]
[Date "2007.08.23"]
[Round "3.71"]
[White "Perez Garcia, Roberto"]
[Black "Fenollar Jorda, Manuel"]
[Result "1/2-1/2"]
[WhiteElo "2206"]
[BlackElo "2267"]
[PlyCount "79"]
[EventDate "2007.08.22"]
[EventType "team"]
[EventRounds "1"]
[EventCountry "ESP"]
[EventCategory "1"]
[Source "lmi"]
[SourceDate "2007.08.22"]
[WhiteTeam "Alekhine Espartinas"]
[BlackTeam "Oliva"]

1. d4 d5 2. c4 c6 3. Nf3 Nf6 4. Qb3 g6 5. g3 Bg7 6. Bg2 O-O 7. O-O a5 8. cxd5
cxd5 9. Nc3 Nc6 10. Rd1 Bf5 11. a3 Ra6 12. Ne5 Qb6 13. Qxb6 Rxb6 14. Bxd5 Nxe5
15. dxe5 Nd7 16. f4 Rc8 17. Bf3 Be6 18. Nd5 Bxd5 19. Rxd5 Nf8 20. Rxa5 f6 21.
b4 fxe5 22. fxe5 Rc7 23. Be3 Ra6 24. Rxa6 bxa6 25. Rc1 Bxe5 26. Rxc7 Bxc7 27.
Bb7 a5 28. Bc6 axb4 29. axb4 Kf7 30. b5 e5 31. Bc5 Ne6 32. Bd5 Kf6 33. Bxe6
Kxe6 34. b6 Bb8 35. e4 Kd7 36. Kg2 Kc6 37. Be3 Bd6 38. Kf3 Be7 39. Ke2 Bd8 40.
Kd3 1/2-1/2

[Event "España tch 1a Division Sur"]
[Site "Burguillos ESP"]
[Date "2007.08.23"]
[Round "3.72"]
[White "Mengual Bolo, Carlos"]
[Black "Gonzalez Custodio, Rafael"]
[Result "1/2-1/2"]
[WhiteElo "2145"]
[BlackElo "2184"]
[PlyCount "27"]
[EventDate "2007.08.22"]
[EventType "team"]
[EventRounds "1"]
[EventCountry "ESP"]
[EventCategory "1"]
[Source "lmi"]
[SourceDate "2007.08.22"]
[WhiteTeam "Oliva"]
[BlackTeam "Alekhine Espartinas"]

1. d4 Nf6 2. Nf3 d5 3. e3 c6 4. Bd3 Bg4 5. h3 Bh5 6. Nbd2 e6 7. Qe2 Nbd7 8. c3
Be7 9. e4 dxe4 10. Nxe4 Nxe4 11. Qxe4 Bg6 12. Qe2 Bxd3 13. Qxd3 O-O 14. Bf4
1/2-1/2

[Event "España tch 1a Division Sur"]
[Site "Burguillos ESP"]
[Date "2007.08.23"]
[Round "3.73"]
[White "Bernad Blanch, Alberto"]
[Black "Pous Bargues, Jose Manuel"]
[Result "1/2-1/2"]
[WhiteElo "1913"]
[BlackElo "2115"]
[PlyCount "66"]
[EventDate "2007.08.22"]
[EventType "team"]
[EventRounds "1"]
[EventCountry "ESP"]
[EventCategory "1"]
[Source "lmi"]
[SourceDate "2007.08.22"]
[WhiteTeam "Alekhine Espartinas"]
[BlackTeam "Oliva"]

1. e4 e6 2. d4 d5 3. Nd2 Nf6 4. e5 Nfd7 5. Bd3 c5 6. c3 Nc6 7. Ne2 f6 8. exf6
Qxf6 9. Nf3 Bd6 10. O-O h6 11. Ng3 g6 12. Qc2 Kf7 13. b3 cxd4 14. Nxd4 e5 15.
Nxc6 bxc6 16. f4 e4 17. Be2 Bc5+ 18. Kh1 Qh4 19. Bb2 h5 20. c4 Bb7 21. Bxh8
Rxh8 22. cxd5 cxd5 23. Bb5 Nf6 24. Qxc5 Ng4 25. Qg1 a6 26. Be2 d4 27. Rac1 Qd8
28. Bxg4 hxg4 29. Rc4 e3 30. Rd1 Qh4 31. Rcxd4 Bc6 32. Rc1 Qxg3 33. Rxc6 Rxh2+
1/2-1/2

[Event "España tch 1a Division Sur"]
[Site "Burguillos ESP"]
[Date "2007.08.23"]
[Round "3.74"]
[White "Canet Llido, Vicente"]
[Black "Alshameary Puente, Ismael"]
[Result "0-1"]
[WhiteElo "2062"]
[BlackElo "1863"]
[PlyCount "60"]
[EventDate "2007.08.22"]
[EventType "team"]
[EventRounds "1"]
[EventCountry "ESP"]
[EventCategory "1"]
[Source "lmi"]
[SourceDate "2007.08.22"]
[WhiteTeam "Oliva"]
[BlackTeam "Alekhine Espartinas"]

1. d4 d5 2. Nf3 Nf6 3. e3 Bg4 4. b3 e6 5. Bb2 c5 6. Be2 Nbd7 7. O-O Bd6 8. Nbd2
O-O 9. h3 Bh5 10. Ne5 Bxe2 11. Qxe2 Qc7 12. Nxd7 Nxd7 13. c4 Nb6 14. Rac1 Qe7
15. f4 Rac8 16. Nf3 cxd4 17. Nxd4 dxc4 18. bxc4 a6 19. f5 Ba3 20. f6 gxf6 21.
Bxa3 Qxa3 22. Qg4+ Kh8 23. Nc2 Qb2 24. Nd4 Nxc4 25. Qf3 f5 26. Rc2 Qa3 27. Re2
Qd3 28. Kh1 Nd2 29. Rd1 Nxf3 30. Rxd3 Rc1+ 0-1

[Event "España tch 1a Division Sur"]
[Site "Burguillos ESP"]
[Date "2007.08.23"]
[Round "3.81"]
[White "Jimenez Villena, Francisco Jose"]
[Black "Matamoros Franco, Carlos S"]
[Result "0-1"]
[WhiteElo "2275"]
[BlackElo "2528"]
[PlyCount "64"]
[EventDate "2007.08.22"]
[EventType "team"]
[EventRounds "1"]
[EventCountry "ESP"]
[EventCategory "1"]
[Source "lmi"]
[SourceDate "2007.08.22"]
[WhiteTeam "Totana"]
[BlackTeam "Laurus Ronda"]

1. d4 Nf6 2. Nc3 d5 3. Bg5 Nbd7 4. Nf3 h6 5. Bh4 e6 6. e3 c5 7. a3 Qa5 8. dxc5
Qxc5 9. Bd3 Be7 10. O-O O-O 11. Qd2 Qb6 12. b4 Qd8 13. Rfd1 Nb6 14. Qe1 Bd7 15.
e4 Rc8 16. exd5 exd5 17. Ne2 Re8 18. Qf1 Ne4 19. Bxe7 Qxe7 20. Nfd4 Qf6 21. f3
Nd6 22. Qf2 Re7 23. Ng3 Rce8 24. c3 Na4 25. Qd2 Rc8 26. Rac1 Nxc3 27. Bh7+ Kxh7
28. Rxc3 Nc4 29. Qf2 Rce8 30. Nf1 g6 31. Rcd3 h5 32. h4 a6 0-1

[Event "España tch 1a Division Sur"]
[Site "Burguillos ESP"]
[Date "2007.08.23"]
[Round "3.82"]
[White "Paz Ladron de Guevara, Daniel"]
[Black "Garre Murcia, Pedro"]
[Result "1-0"]
[WhiteElo "2362"]
[BlackElo "2205"]
[PlyCount "54"]
[EventDate "2007.08.22"]
[EventType "team"]
[EventRounds "1"]
[EventCountry "ESP"]
[EventCategory "1"]
[Source "lmi"]
[SourceDate "2007.08.22"]
[WhiteTeam "Laurus Ronda"]
[BlackTeam "Totana"]

1. e4 c5 2. Nc3 a6 3. a4 Nc6 4. g3 g6 5. Bg2 Bg7 6. f4 d6 7. h3 e6 8. Nf3 Nge7
9. O-O Rb8 10. g4 f5 11. d3 b5 12. axb5 axb5 13. Ne2 d5 14. Ng3 Nd4 15. Re1
Nxf3+ 16. Qxf3 O-O 17. Kh2 dxe4 18. dxe4 Qc7 19. Qe2 Nc6 20. exf5 exf5 21. gxf5
gxf5 22. c3 Bd7 23. Qf2 Qd6 24. Be3 Rfd8 25. Bxc5 Qg6 26. Qf3 b4 27. Nh5 Qh6
1-0

[Event "España tch 1a Division Sur"]
[Site "Burguillos ESP"]
[Date "2007.08.23"]
[Round "3.83"]
[White "Tudela Corbalan, Carlos"]
[Black "Perez Pardo, Juan Carlos"]
[Result "1-0"]
[WhiteElo "2196"]
[BlackElo "2327"]
[PlyCount "97"]
[EventDate "2007.08.22"]
[EventType "team"]
[EventRounds "1"]
[EventCountry "ESP"]
[EventCategory "1"]
[Source "lmi"]
[SourceDate "2007.08.22"]
[WhiteTeam "Totana"]
[BlackTeam "Laurus Ronda"]

1. e4 e5 2. f4 Bc5 3. Nf3 d6 4. c3 Nf6 5. d4 Bb6 6. fxe5 dxe5 7. Nxe5 O-O 8.
Bg5 c5 9. Bc4 cxd4 10. Rf1 Qe8 11. cxd4 Nc6 12. Bxf6 gxf6 13. Rxf6 Nxe5 14.
dxe5 Qxe5 15. Qf3 Bd4 16. Rxf7 Be6 17. Bxe6 Qxe6 18. Rxf8+ Rxf8 19. Qb3 Qxb3
20. axb3 Rf2 21. Nd2 Rxg2 22. Nf3 Be3 23. Rd1 Rf2 24. Rd8+ Kg7 25. Rd7+ Kf6 26.
Rxh7 b5 27. Rh5 Rxf3 28. Ke2 Rf2+ 29. Kxe3 Rxb2 30. Rxb5 Rxh2 31. Kd4 Ra2 32.
b4 Ke6 33. Ra5 Rd2+ 34. Kc5 Rd7 35. Kc6 Rd4 36. b5 Rxe4 37. Rxa7 Rc4+ 38. Kb7
Kd7 39. b6 Rc2 40. Ra4 Rd2 41. Rc4 Kd8 42. Kb8 Rd1 43. b7 Ra1 44. Rd4+ Ke7 45.
Kc7 Rc1+ 46. Kb6 Rb1+ 47. Kc6 Ke6 48. Re4+ Kf7 49. Re5 1-0